Biotech buyer's guide 1991 Instruments, equipment, biologiscals, supplies, reply cards
Guardado en:
| Formato: | Libro |
|---|---|
| Lenguaje: | Undetermined |
| Publicado: |
Washington
1991
|
| Materias: | |
| Etiquetas: |
Agregar Etiqueta
Sin Etiquetas, Sea el primero en etiquetar este registro!
|
| Thư viện lưu trữ: | Trung tâm Học liệu Trường Đại học Cần Thơ |
|---|
| LEADER | 00475nam a2200169Ia 4500 | ||
|---|---|---|---|
| 001 | CTU_23453 | ||
| 008 | 210402s9999 xx 000 0 und d | ||
| 082 | |a 016.66 | ||
| 082 | |b B615 | ||
| 245 | 0 | |a Biotech buyer's guide 1991 | |
| 245 | 0 | |b Instruments, equipment, biologiscals, supplies, reply cards | |
| 260 | |a Washington | ||
| 260 | |c 1991 | ||
| 650 | |a biotechnology | ||
| 650 | |x Bibliography | ||
| 904 | |i Truc | ||
| 980 | |a Trung tâm Học liệu Trường Đại học Cần Thơ | ||